00348nam a2200133Ia 4500008004100000041000800041082001700049100002200066245004900088260001500137300002300152365001700175700002200192230718s9999 xx 000 0 und d aeng a621.382bWAT aWaterhouse R. Ed. aPrinted Antennas For Wireless Communications bJohn Wiley dRef 1094 E (30474) cRs.b6328.00 aWaterhouse R. Ed.